Borderlands of Zarteth /

Bibliographic Details
Other Authors: Hunter, Anthony (Cartographer)
Format: Map
Language:English
Subjects:

MARC

Tag First Indicator Second Indicator Subfields
LEADER 00000cem a2200000Ii 4500
001 in00004171981
005 20200117104332.0
007 aj canzn
008 191014s2016 gaui a 0 eng d
034 1 |a a  |b 1609344 
035 |a (OCoLC)on1122932382 
035 |a (OCoLC)1122932382 
040 |a TXA  |b eng  |e rda  |c TXA  |d UtOrBLW 
049 |a TXAM 
050 4 |a G9934.B3:2B6 2016  |b .H868 
100 1 |a Hunter, Anthony,  |e cartographer.  |0 http://id.loc.gov/authorities/names/nb2011028217 
245 1 0 |a Borderlands of Zarteth /  |c Anthony Hunter. 
255 |a Scale approximately 1:1,609,344. 
264 0 |a [Cohutta, Georgia] :  |b Sleeping Griffon Productions,  |c 2016. 
300 |a 1 map :  |b color ;  |c 25 x 17 cm, on sheet 31 x 46 cm, folded to 31 x 23 cm 
336 |a cartographic image  |b cri  |2 rdacontent 
337 |a unmediated  |b n  |2 rdamedia 
338 |a sheet  |b nb  |2 rdacarrier 
500 |a The Map & GIS Library copy is part of the Maps of Imaginary Places Collection. 
500 |a Relief shown pictorially. 
500 |a Map for the table top role play game Battleaxes & Beasties. 
650 0 |a Fantasy games  |v Maps. 
650 0 |a Imaginary places  |v Maps. 
650 7 |a Fantasy games.  |2 fast  |0 (OCoLC)fst00920831 
650 7 |a Imaginary places.  |2 fast  |0 (OCoLC)fst00967571 
655 7 |a Maps.  |2 lcgft  |0 http://id.loc.gov/authorities/genreForms/gf2011026387 
655 7 |a Maps.  |2 fast  |0 (OCoLC)fst01423704 
994 |a C0  |b TXA 
948 |a cataloged  |b h  |c 2019/10/14  |d c  |e sladdusaw  |f 11:22:18 am 
999 f f |s 4da937fa-469d-3002-a746-2da32031b15a  |i 0ffedb32-c133-3b0c-ae5f-aa6a52031748  |t 0 
952 f f |p noncirc  |a Texas A&M University  |b College Station  |c Sterling C. Evans Library  |d Evans: Maps (2nd floor)  |t 0  |e G9934.B3:2B6 2016 .H868  |h Library of Congress classification  |i unmediated -- sheet  |m AM1480049933 
998 f f |a G9934.B3:2B6 2016 .H868  |t 0  |l Evans: Maps (2nd floor)